[Event "17th Karpov Trophy 2019"]
[Site "Cap d'Agde"]
[Date "2019.10.28"]
[Round "10.4"]
[White "Sarana, Alexey"]
[Black "Khademalsharieh, Sarasadat"]
[Result "1-0"]
[WhiteElo "2655"]
[BlackElo "2491"]
[Annotator "TA"]
[PlyCount "99"]
[EventDate "2019.10.25"]
[EventType "tourn"]
[EventCountry "FRA"]
[SourceTitle "playchess.com"]
[Source "ChessBase"]
[SourceQuality "1"]

{[%evp 15,99,0,0,-11,0,-3,12,14,18,17,14,0,0,0,0,0,17,12,18,-35,-14,-86,-77,-75,22,18,26,0,0,0,0,-83,0,-21,0,0,1,0,0,0,0,0,0,0,236,214,423,136,129,0,0,-27,43,40,68,42,41,33,131,131,145,150,160,151,256,268,297,293,406,410,397,399,391,391,29978,29979,29979,29980,29979,29980,29992,29993,29993,29994,29994,29995]} 1. c4 Nf6 2. e3 e6 3. Nf3 d5 4. Nc3 Be7 5. Be2 O-O 6. O-O b6 7. cxd5 exd5 8. d4 Bb7 9. Ne5 {E14: Queen's Indian: Classical Variation (4 e3)} Nbd7 (9... c5 10. f4 Nc6 11. Kh1 Ne4 12. Bb5 Rc8 13. Nxe4 dxe4 14. dxc5 Nxe5 15. fxe5 Rxc5 16. Ba4 Rxe5 {½-½ (36) Adly,A (2599)-Radjabov,T (2710) Doha 2016}) 10. f4 Ne4 11. Nxe4 {The position is equal.} dxe4 12. Bc4 Nxe5 13. fxe5 Bd5 14. Qb3 c6 15. Bd2 f6 $146 ({Predecessor:} 15... Rc8 16. Bb4 Bxb4 17. Qxb4 {½-½ (30) Ermel,F (2054)-Bonvini,A (1880) Florianopolis 2019}) 16. Rf5 Qd7 17. Raf1 ({Better is} 17. e6 $11 Bxc4 18. Qxc4 (18. exd7 Bxb3 19. axb3 g6 $15)) 17... g6 $36 {[%mdl 2048] Black has the initiative.} 18. exf6 (18. R5f4 $11 fxe5 19. dxe5) 18... gxf5 $17 19. fxe7 {[#]} Rf6 (19... Rf7 $1 $17 20. Bb4 a5 21. Bxd5 Qxd5 22. Qxd5 cxd5) 20. Be1 $11 Rg6 21. Bh4 Rg4 $1 {[%cal Rg4h4]} 22. Bg3 Re8 23. Rc1 (23. Bxd5+ $11 {keeps the balance.} cxd5 24. Rc1) 23... Qe6 ({Don't play} 23... Qxe7 $6 24. Bxd5+ cxd5 25. Qxd5+ Qe6 26. Qb5 $11) (23... Rxe7 $17 24. Bxd5+ Qxd5 25. Qxd5+ cxd5) 24. Bxd5 cxd5 25. Rc7 Kf7 26. Qc3 Rxe7 27. Rc6 Qd7 28. Rd6 Qb5 {[#]} 29. Qc8 $1 {[%mdl 512]} Rg6 $2 (29... Rg5 $1 $11 {and Black is okay.}) 30. Qxf5+ $18 Kg8 $2 (30... Ke8 {was called for.}) 31. Rxd5 $2 (31. a4 $18 Qe8 32. Qxd5+ Qf7 33. Rd8+ Kg7 34. Be5+ Rxe5 35. Qxe5+ Kh6 36. Qxe4) 31... Qe8 $16 {[#]} 32. Bf4 (32. Rd6 $1 $16) 32... Rf7 $11 33. Qe5 Re7 ({Black should play} 33... Qxe5 $11 34. Rxe5 Rc6) 34. Qh5 $14 Qc8 {White must now prevent ...Qc1+.} 35. h3 Reg7 36. Rg5 {And now Rxg6 would win.} Rxg5 (36... Qf5 $1 $14 37. h4 (37. Rxf5 $2 {leads to mate.} Rxg2+ {[%mdl 64] Double Attack} 38. Kf1 Rg1+ 39. Kf2 R7g2#) 37... Rxg5 38. Bxg5 Rf7) 37. Bxg5 {[%mdl 4096] Endgame KQR-KQB} Rg6 38. Bf4 Qe6 39. d5 Qe8 (39... Qf6 $16 {might work better.}) 40. Qf5 $18 Rg7 41. d6 Rf7 42. Qg5+ Rg7 43. Qd5+ Rf7 {[#]} 44. a4 $1 {[%mdl 512]} Qxa4 $2 (44... h5 $18 45. Qxh5 Qe6) 45. Qg5+ {White mates.} Kf8 46. Qd8+ Kg7 47. Be5+ Kh6 48. Qh4+ Kg6 49. Qg4+ Kh6 50. Qe6+ {[%mdl 64] Double Attack. Accuracy: White = 61%, Black = 33%.} 1-0

[Event "17th Karpov Trophy 2019"]
[Site "Cap d'Agde"]
[Date "2019.10.28"]
[Round "11.1"]
[White "Bacrot, Etienne"]
[Black "Paehtz, Elisabeth"]
[Result "1-0"]
[WhiteElo "2671"]
[BlackElo "2489"]
[Annotator "TA"]
[PlyCount "77"]
[EventDate "2019.10.25"]
[EventType "tourn"]
[EventCountry "FRA"]
[SourceTitle "playchess.com"]
[Source "ChessBase"]
[SourceQuality "1"]

{[%evp 18,77,45,46,72,44,148,145,216,230,224,199,189,192,216,147,259,226,236,0,226,204,233,179,221,190,378,372,502,269,294,279,391,275,257,254,318,330,488,232,233,179,178,174,183,165,160,160,165,170,169,154,177,179,202,200,295,295,365,359,327,332]} 1. e4 e6 2. d4 d5 3. exd5 exd5 4. Nf3 Bg4 5. h3 Bh5 6. Qe2+ Qe7 7. Be3 Nc6 8. g4 Bg6 9. Nc3 O-O-O 10. O-O-O Kb8 $146 {C01: French: Exchange Variation} ({Predecessor:} 10... Nb4 11. Ne1 Nf6 12. a3 Nc6 13. f3 Na5 14. Bf4 Nc4 15. Qxe7 Bxe7 16. h4 h6 17. Ng2 Bd6 18. Bxd6 Nxd6 {½-½ (41) Stevic,H (2605)-Rozentalis,E (2604) Austria 2015}) 11. Bg2 Nf6 {[#]} (11... Nb4 $14) 12. Ne5 $1 $16 {[%mdl 512]} Nb4 (12... Qe6 $16) (12... Nxe5 13. dxe5) 13. a3 $18 Nc6 14. Rhe1 Qe8 15. Bf4 h6 16. Qe3 Qe6 (16... Bd6 $16 17. Kb1 (17. Nxd5 Nxe5 18. dxe5 Qa4 $16) 17... Be4) 17. Nb5 Rc8 18. Nc3 $2 (18. Qb3 $18 Nxe5 19. dxe5 (19. Bxe5 Qb6 $16)) 18... Ne7 $2 (18... Rd8 $1 $11 {and Black has nothing to worry.}) 19. Qe2 Bh7 20. Kb1 Bg8 21. Bg3 Ne8 $2 (21... Rd8 22. f4 Ka8) 22. Qb5 Rd8 23. Qa4 Qc8 24. Nd3 a6 (24... f5 $142 25. Nc5 (25. Nb5 a6 $16) 25... Nd6 26. gxf5 (26. Bxd6 cxd6 27. Nd3 fxg4 $14) 26... c6) 25. Nxd5 Nxd5 26. Bxd5 Nf6 27. Bg2 Bd6 (27... Ka7 {was called for.} 28. Nb4 c6) 28. Ne5 (28. Nc5 $142 Bxc5 29. dxc5 Rxd1+ 30. Rxd1) 28... Nd7 29. Nxd7+ Rxd7 30. Bxd6 cxd6 31. Be4 {[#] Threatens to win with Bf5.} Bh7 32. Bxh7 Rxh7 33. Rd3 Rh8 34. Rc3 Qd8 35. Rce3 d5 36. Qb4 Ka7 (36... Qc8 {is a better defense.} 37. f4 Qc4) 37. Re7 Rxe7 38. Rxe7 {[%csl Ge7][%cal Rb4b7]} Qc8 39. Rxf7 {Accuracy: White = 47%, Black = 29%.} 1-0

[Event "17th Karpov Trophy 2019"]
[Site "Cap d'Agde"]
[Date "2019.10.28"]
[Round "11.2"]
[White "Hou, Yifan"]
[Black "Nihal Sarin"]
[Result "0-1"]
[WhiteElo "2659"]
[BlackElo "2610"]
[Annotator "TA"]
[PlyCount "96"]
[EventDate "2019.10.25"]
[EventType "tourn"]
[EventCountry "FRA"]
[SourceTitle "playchess.com"]
[Source "ChessBase"]
[SourceQuality "1"]

{[%evp 26,96,41,18,34,30,17,38,33,-12,0,-25,0,0,0,0,27,20,30,31,27,28,40,27,27,27,27,27,27,27,30,27,29,15,18,20,25,8,8,0,4,0,0,0,0,-4,0,0,0,0,0,-9,0,0,0,0,0,0,0,0,0,0,0,-327,-320,-29993,0,-29994,-29995,-29995,-29996,-29996,-29997]} 1. e4 e5 2. Nf3 Nc6 3. Bb5 a6 4. Ba4 Nf6 5. O-O Be7 6. d3 b5 7. Bb3 d6 8. c3 O-O 9. Re1 Na5 10. Bc2 c5 11. Nbd2 {[%cal Bb1d2,Bd2f1,Bf1g3][%mdl 32]} Qc7 ({Predecessor:} 11... Re8 12. d4 Qc7 13. h3 Bf8 14. Nf1 h6 {½-½ (42) Brodsky,M (2515)-David,A (2305) Berlin 1993}) 12. Nf1 h6 13. h3 Re8 14. Ng3 Bf8 {C90: Closed Ruy Lopez with 7...d6: Early deviations} 15. d4 cxd4 $146 (15... Bd7 16. d5 c4 17. b4 cxb3 18. axb3 Nb7 19. Bd2 Nc5 20. Ra3 a5 21. Qe2 Ra6 22. Rc1 {1-0 (42) Schroeder,J (2461)-Fressinet,L (2707) Helsingor 2015}) 16. cxd4 exd4 {White is slightly better.} 17. Nxd4 d5 18. Qf3 Nc6 19. Nxc6 $1 Qxc6 20. Re2 dxe4 (20... d4 {seems wilder.} 21. Bf4 g5 22. Bd6 d3 23. Bb3 Ra7) 21. Nxe4 Bb7 {[%cal Rf6e4]} 22. Nxf6+ Qxf6 23. Qxf6 gxf6 24. Rxe8 (24. Be3 {looks sharper.} Kg7 25. Rd1 Rad8 26. Rxd8 Rxd8 27. Rd2) 24... Rxe8 25. Be3 Bd5 26. b3 Rc8 27. Bd3 Be6 28. Rd1 Kg7 29. Bd4 Bc5 30. Bb2 Bb4 31. Be4 Bc3 32. Bc1 a5 33. Rd3 Be5 34. Bd2 f5 35. Bd5 Rc2 36. f4 Bf6 37. Bxa5 Rxa2 38. b4 Ra1+ 39. Kh2 Rb1 40. Bxe6 fxe6 $11 {[%mdl 4096] Endgame KRB-KRB} 41. Rd7+ Kg6 42. Rd6 Kf7 43. Rb6 Bd4 44. Rxb5 $2 {[%mdl 8192] [#]} (44. Rb7+ $11 {and White is okay.} Kg6 45. g3) 44... Bg1+ $1 $19 45. Kg3 $2 (45. Kh1 $19 Be3+ {[%mdl 64] Discovered Attack} 46. Kh2 Bxf4+ 47. g3 Rb2+ 48. Kg1 Bxg3 49. Rb7+ Kg6 50. Re7) 45... Rb3+ 46. Kh4 {[#] White wants to play Kh5.} Kg6 $1 {Black mates.} 47. Bb6 Bh2 {[%csl Gb3][%cal Rh2g3]} 48. Bf2 Bxf4 0-1

[Event "17th Karpov Trophy 2019"]
[Site "Cap d'Agde"]
[Date "2019.10.28"]
[Round "11.3"]
[White "Khademalsharieh, Sarasadat"]
[Black "Amin, Bassem"]
[Result "0-1"]
[WhiteElo "2491"]
[BlackElo "2699"]
[Annotator "TA"]
[PlyCount "92"]
[EventDate "2019.10.25"]
[EventType "tourn"]
[EventCountry "FRA"]
[SourceTitle "playchess.com"]
[Source "ChessBase"]
[SourceQuality "1"]

{[%evp 19,92,18,37,27,28,-10,0,-4,-9,-20,0,-13,7,-57,-54,-46,-43,-46,-44,-80,-72,-69,-81,-64,-29,-83,-92,-97,-91,-172,-114,-102,-110,-110,-123,-120,-89,-90,-89,-98,-93,-85,-100,-138,-138,-146,-138,-168,-170,-181,-152,-157,-157,-225,-167,-255,-229,-255,-179,-594,-575,-800,-704,-657,-533,-593,-688,-12841,-831,-29987,-29988,-29990,-29991,-29991,-29991]} 1. d4 Nf6 2. c4 g6 3. g3 Bg7 4. Bg2 O-O 5. Nc3 d6 6. Nf3 Nbd7 7. O-O e5 8. e4 a6 9. h3 b5 10. dxe5 dxe5 11. cxb5 {E68: King's Indian: Fianchetto: 6...Nbd7 7 0-0 e5 8 e4} (11. Qc2 bxc4 12. Be3 Qe7 13. Na4 a5 14. Nd2 Ba6 15. Nxc4 Bb5 16. Rfc1 Rfb8 17. b3 Bf8 18. Bd2 Qe6 19. Nxa5 {½-½ (44) Jumabayev,R (2614)-Ismagambetov,A (2545) Almaty 2017}) 11... axb5 12. b4 Bb7 13. Re1 {The position is equal.} Qe7 14. Rb1 c5 $146 ({Predecessor:} 14... Rfd8 15. Qe2 c6 16. Be3 Ra3 17. Rec1 Rda8 18. Nd2 Nf8 {½-½ (31) Heck,N (2270)-Solonar,S (2326) Bruchkoebel 2002}) 15. bxc5 Nxc5 16. Be3 (16. Bg5 $11) 16... Ncxe4 $15 17. Nxe4 Nxe4 18. Qb3 Rfb8 $36 {[%mdl 2048] Black is pushing.} 19. Qxb5 Nc3 $1 {[%cal Rc3b5]} (19... Rxa2 $6 20. Qb4 $14) 20. Qb4 Qxb4 21. Rxb4 Nd5 22. Rb3 (22. Rb5 $11 {keeps the balance.}) 22... Nxe3 $17 (22... Rxa2 $6 23. Reb1 $14) 23. Rbxe3 {[#]} e4 $1 {[%cal Re4f3]} ({Of course not} 23... Rxa2 $6 24. Rb3 $11) 24. Nd2 (24. Ng5 $17) 24... f5 ({Don't take} 24... Rxa2 25. Nxe4 Bd4 26. Rd3 $15) ({Black should play} 24... Bh6 $19 25. R3e2 Ba6 26. Nxe4 Bxe2 27. Rxe2 Bg7) 25. Rb3 Bd5 26. Rxb8+ Rxb8 27. Nb3 h5 28. Bf1 Ra8 29. Rd1 Bf7 30. Rd2 {[#]} h4 $1 {[%mdl 512]} 31. g4 (31. gxh4 Be5) 31... Be5 32. Rc2 Kg7 33. Rc5 Bd6 ({Don't play} 33... Rxa2 34. Rxe5 Bxb3 35. gxf5 $15) 34. Rc2 Kf6 35. Be2 Ke5 36. Bb5 (36. Nd2 $17 {might work better.}) 36... Ra3 37. Kg2 (37. Bc6 {is a better defense.}) 37... Bd5 38. Be2 Bb4 39. Nc1 $2 (39. Bc4 {is more resistant.}) 39... f4 $19 40. Kh2 f3 41. Bb5 Ba5 42. Nb3 Bb6 43. Be8 {[#]} g5 (43... Bxf2 $142 $1 {[%mdl 512]} 44. Bb5 (44. Rxf2 e3) 44... Bg3+ 45. Kg1 Bxb3 46. Rc3 Rxa2 47. Rc1 e3 48. Rb1 e2 49. Bxe2 fxe2 50. g5 Bd5 51. Rf1 exf1=N 52. Kxf1 Kf4 53. Kg1 Ra1#) 44. Rb2 Bxb3 {Black mates.} 45. axb3 Ra1 46. Rc2 Rf1 {Accuracy: White = 28%, Black = 71%.} 0-1

[Event "17th Karpov Trophy 2019"]
[Site "Cap d'Agde"]
[Date "2019.10.28"]
[Round "11.4"]
[White "Sarana, Alexey"]
[Black "Sebag, Marie"]
[Result "1-0"]
[WhiteElo "2655"]
[BlackElo "2445"]
[Annotator "TA"]
[PlyCount "117"]
[EventDate "2019.10.25"]
[EventType "tourn"]
[EventCountry "FRA"]
[SourceTitle "playchess.com"]
[Source "ChessBase"]
[SourceQuality "1"]

{[%evp 21,117,45,20,7,11,6,15,11,18,8,18,-27,-27,-52,-66,-54,-56,-73,0,0,0,0,0,-53,0,0,0,0,0,0,0,0,10,0,0,0,0,0,0,0,29,41,30,24,58,58,67,63,80,65,81,76,93,104,230,216,285,279,280,222,225,225,293,290,250,233,306,308,273,278,274,155,151,137,614,623,29993,563,562,560,553,553,533,540,552,552,578,578,576,570,566,543,644,608,616,616,1975,1884]} 1. e4 c5 2. Nc3 Nc6 3. Nge2 g6 4. d4 cxd4 5. Nxd4 Bg7 6. Be3 Nf6 7. Bc4 O-O 8. Bb3 d6 9. f3 Bd7 10. Qd2 Nxd4 11. Bxd4 b5 12. a3 {B77: Sicilian Dragon: Yugoslav Attack, 9 Bc4 sidelines} (12. h4 a5 13. a4 bxa4 14. Bxa4 h5 15. Bb3 Bc6 16. O-O Qb8 17. Bc4 a4 18. b3 Rc8 19. Rae1 a3 20. f4 Ng4 21. Rd1 {0-1 (31) Fedoseev,V (2683)-Mamedov,R (2650) Hengshui 2019}) 12... a5 13. O-O Rc8 14. Kh1 {The position is equal.} Re8 $146 ({Predecessor:} 14... Qc7 15. Bxf6 exf6 16. Rfd1 f5 17. Qxd6 Bxc3 18. bxc3 a4 19. Bxa4 bxa4 20. Qxd7 Qxd7 21. Rxd7 fxe4 22. fxe4 Rxc3 {½-½ (29) Ayza Leon,D (2042)-Amigo Villalta,J (2098) Barcelona 2002}) 15. Rae1 Bc6 16. f4 e5 17. Be3 b4 18. axb4 axb4 19. Nd5 Nxe4 (19... Nxd5 $17 20. exd5 Bb5) 20. Qxb4 $11 {[#]} Nc5 $1 {[%mdl 512]} 21. Bxc5 dxc5 22. Qe4 (22. Qxc5 $11 e4 23. Ne3) 22... Bd7 (22... Qh4 $15) 23. fxe5 Rxe5 24. Qf4 Rxe1 25. Qxf7+ Kh8 26. Rxe1 {Threatens to win with Re7.} Bc6 27. c3 $36 {[%mdl 2048] White has good play.} Rb8 28. Qe6 Bd7 29. Qe7 Qxe7 30. Rxe7 Bf5 31. Bc4 h5 32. Re2 Ra8 {( -> ...Ra1+)} 33. Kg1 Ra4 34. Ne3 Be4 35. Bb3 Ra1+ 36. Kf2 Bh6 37. Bc2 Bb7 (37... Bxc2 $16 38. Nxc2 Ra7) 38. Bxg6 $18 Ba6 39. Rd2 (39. Bxh5 Bxe2 40. Kxe2 (40. Bxe2 Ra8 $14) 40... Bf4 $14) 39... h4 40. Rd8+ Kg7 41. Bd3 c4 42. Nf5+ ({Worse is} 42. Bxc4 Bxe3+ 43. Kxe3 Bxc4 $11) ({Don't play} 42. Nxc4 $6 Ra2 $18) 42... Kf6 43. Be4 (43. Nxh6 cxd3 44. Ng4+ Ke7 $16) 43... Bf4 44. Rf8+ Ke5 45. Re8+ Kf6 46. Ne3 (46. Nxh4 $18 Bc1 47. Bd5) 46... Bxh2 $16 47. Ra8 {aiming for Ng4+.} Ra2 $2 {[%mdl 8192]} (47... Bg1+ $16 48. Kf3 Bxe3) 48. Ng4+ $18 {[%mdl 64] [#] Double Attack} Kg5 49. Nxh2 (49. Kf3 $142 Bc8 50. Rxc8 h3 51. Rc5+ Kh4 52. Nf6 Ra5 53. Rxa5 Be5 54. Rxe5 hxg2 55. Rh5#) 49... Kf4 {White is clearly winning.} 50. Bc6 Rxb2+ 51. Kg1 Rb6 52. Bf3 Ke3 53. Rd8 Rb3 54. Ng4+ Kf4 55. Rd4+ Kg5 56. Nf2 Bb5 57. Ne4+ Kg6 58. Kf2 Ba6 59. Rd6+ {[%mdl 64] Double Attack. Accuracy: White = 61%, Black = 25%.} 1-0

[Event "17th Karpov Trophy 2019"]
[Site "Cap d'Agde"]
[Date "2019.10.29"]
[Round "12.1"]
[White "Paehtz, Elisabeth"]
[Black "Hou, Yifan"]
[Result "1/2-1/2"]
[WhiteElo "2489"]
[BlackElo "2659"]
[Annotator "TA"]
[PlyCount "80"]
[EventDate "2019.10.25"]
[EventType "tourn"]
[EventCountry "FRA"]
[SourceTitle "playchess.com"]
[Source "ChessBase"]
[SourceQuality "1"]

{[%evp 13,80,12,6,-13,-13,-20,-11,-47,-28,-57,11,0,0,3,10,-12,0,0,0,0,0,0,29,22,25,0,18,19,25,34,30,15,65,3,69,3,0,-36,24,15,30,0,7,0,28,29,73,53,56,39,40,37,79,63,60,60,70,33,33,33,35,33,33,33,33,33,33,33,33]} 1. d4 Nf6 2. Bf4 d5 3. e3 e6 4. Nf3 c5 5. c3 Nc6 6. Nbd2 Be7 7. Bd3 Nh5 8. Be5 {D02: 1 d4 d5 2 Nf3 sidelines, including 2...Nf6 3 g3 and 2...Nf6 3 Bf4} f6 9. Bg3 g6 10. Bh4 {The position is equal.} (10. Qe2 Bd7 11. dxc5 Bxc5 12. e4 Nxg3 13. hxg3 dxe4 14. Bxe4 Kf7 15. O-O-O Qc7 {1-0 (24) Carlsen,M (2837)-Kryvoruchko,Y (2689) Riadh 2017}) 10... O-O 11. O-O $146 ({Predecessor:} 11. g4 Ng7 12. Bg3 cxd4 13. exd4 Bd6 14. Bb5 a6 15. Bxc6 bxc6 16. Bxd6 Qxd6 {0-1 (47) Guilliard,J (2073)-Hahn,A (1829) Lauffen am Neckar 2011}) 11... c4 (11... e5 $15) 12. Bc2 b5 13. e4 Qe8 14. Bg3 Bd7 15. Re1 Qf7 16. Nf1 Nxg3 17. hxg3 f5 18. exd5 exd5 19. Qd2 Qf6 20. Ne5 Nxe5 21. dxe5 Qc6 22. Nh2 Bc5 23. Nf3 (23. b4 $14 Bb6 24. a4) 23... Be6 ({Black should try} 23... a5 $1 $11) 24. Nd4 (24. b4 $14 Bb6 25. a4) 24... Qb6 25. Rad1 Rad8 (25... Bxd4 $1 $15 26. cxd4 b4) 26. a3 a5 27. Qh6 Rf7 28. Rd2 ({Stronger than} 28. Nxe6 Bxf2+ 29. Kh1 Qxe6 $19) 28... Re8 29. Bd1 Bf8 30. Qe3 (30. Qf4 {looks sharper.} Bc8 31. Bf3 Rd7 32. Nc2 Bb7 33. a4) 30... Rd7 {[#]} 31. Nxf5 $1 {[%mdl 512]} Qxe3 (31... Bxf5 32. Qxb6) 32. Nxe3 Bc5 33. Ng4 Bxg4 {White is slightly better.} 34. Bxg4 Rdd8 35. Bf3 d4 36. cxd4 Rxd4 37. Rxd4 Bxd4 38. Bc6 $1 {[%cal Rc6e8]} Rxe5 39. Rxe5 Bxe5 40. Bxb5 Bxb2 {Accuracy: White = 38%, Black = 39%.} 1/2-1/2

[Event "17th Karpov Trophy 2019"]
[Site "Cap d'Agde"]
[Date "2019.10.29"]
[Round "12.2"]
[White "Nihal Sarin"]
[Black "Khademalsharieh, Sarasadat"]
[Result "1-0"]
[WhiteElo "2610"]
[BlackElo "2491"]
[Annotator "TA"]
[PlyCount "47"]
[EventDate "2019.10.25"]
[EventType "tourn"]
[EventCountry "FRA"]
[SourceTitle "playchess.com"]
[Source "ChessBase"]
[SourceQuality "1"]

{[%evp 26,133,0,0,16,23,20,20,22,0,0,2,29,30,43,42,76,53,132,140,217,218,219,219,219,219,219,212,210,204,207,183,183,183,183,183,183,183,268,268,268,268,268,268,268,237,214,0,268,268,268,268,268,268,268,268,268,268,268,268,268,0,268,268,268,268,268,268,268,268,268,268,268,268,268,268,268,268,268,268,268,268,268,268,268,268,268,268,431,431,531,531,509,504,487,470,12841,12841,12841,12836,12846,12847,12847,12847,12848,12848,12850,12850,12851,29982]} 1. d4 Nf6 2. c4 e6 3. Nc3 Bb4 4. Qc2 O-O 5. Nf3 c5 6. dxc5 Na6 {[%cal Bb8a6,Ba6c5,Bc5e4][%mdl 32]} 7. g3 Nxc5 8. Bg2 Nce4 9. O-O Nxc3 10. bxc3 Be7 11. e4 d6 12. e5 dxe5 13. Nxe5 Qc7 14. Qe2 Nd7 {E39: Nimzo-Indian: Classical: 4...c5 5 dxc5 0-0} 15. Bf4 {Strongly threatening Ng6!} Nxe5 16. Bxe5 Bd6 {The position is equal.} 17. Rfe1 Bxe5 $146 (17... Rb8 18. Rad1 Bxe5 19. Qxe5 Qxe5 20. Rxe5 b6 21. c5 Ba6 22. c6 {½-½ (43) Nakamura,H (2781)-Caruana,F (2799) London 2017}) 18. Qxe5 Qxe5 19. Rxe5 Rd8 20. Rb1 Rd3 21. Rc5 g6 {[#]} (21... Rd7 $14) 22. Rc7 $1 $16 Rxc3 {[#]} (22... Kg7 $16) 23. Rd1 $1 $18 ({Don't do} 23. Bxb7 $6 Bxb7 24. Rbxb7 Rf3 $16) 23... Kg7 24. h4 {Played: Rd1-d8} 1-0

[Event "17th Karpov Trophy 2019"]
[Site "Cap d'Agde"]
[Date "2019.10.29"]
[Round "12.3"]
[White "Sebag, Marie"]
[Black "Bacrot, Etienne"]
[Result "0-1"]
[WhiteElo "2445"]
[BlackElo "2671"]
[Annotator "TA"]
[PlyCount "84"]
[EventDate "2019.10.25"]
[EventType "tourn"]
[EventCountry "FRA"]
[SourceTitle "playchess.com"]
[Source "ChessBase"]
[SourceQuality "1"]

{[%evp 17,92,12,11,11,18,14,28,26,29,12,18,6,7,0,10,0,0,0,0,0,0,0,23,-8,20,0,0,-10,-7,0,-31,-29,0,0,0,0,0,-164,-175,-167,-175,-199,-204,-204,-189,-202,-196,-207,-198,-179,-181,-316,-276,-360,-336,-337,-337,-341,-324,-316,-244,-516,-237,-6203,-6203,-6079,-5883,-5173,-1845,-1252,-1130,-29992,-29993,-29993,-29994,-29998,-29999]} 1. e4 c5 2. Nf3 d6 3. Bb5+ Bd7 4. Bxd7+ Qxd7 5. c4 e5 6. O-O Nc6 7. Nc3 g6 8. a3 Bg7 9. Rb1 Nge7 10. b4 {B52: Sicilian: Moscow Variation with 3...Bd7} O-O 11. d3 h6 (11... f5 12. Bg5 Rae8 13. Bxe7 Nxe7 14. Qa4 Qxa4 15. Nxa4 b6 {½-½ (47) Csonka,B (2472)-Aczel,G (2538) Budapest 2019}) 12. Be3 {White has an edge.} b6 13. Nd5 f5 14. Qa4 {Black must now prevent Nxe7+.} Rae8 $146 ({Predecessor:} 14... Rad8) 15. h3 Kh7 16. Qd1 Rf7 17. b5 Nd8 {[%cal Bc6d8,Bd8e6,Be6f4][%mdl 32]} 18. a4 Ref8 19. Nh2 Ne6 20. f3 g5 21. a5 Nxd5 22. cxd5 Nf4 23. axb6 axb6 24. Rf2 Ra8 25. Nf1 Ra3 26. Rb3 Qa7 27. Ng3 $2 (27. Qc2 $11 {and White has nothing to worry.}) 27... Qa4 $19 28. Rfb2 fxe4 29. fxe4 Ra1 $1 {[%cal Ra1d1]} 30. Rb1 Ra2 31. Bxf4 Qd4+ $1 (31... gxf4 32. Nf5 $11) ({Stronger than} 31... Rxf4 32. Ne2 $11) (31... exf4 32. Nf5 $11) 32. Kh1 {Strongly threatening Bd2.} exf4 33. Nf5 Qf2 $40 {[%csl Ga2][%cal Rf2g2][%mdl 128] Black wants a kill.} 34. Qg4 (34. Qf3 {was necessary.}) 34... Be5 {aiming for ...Re2.} 35. Rg1 {[#] Threatening Qh5!} f3 $1 {[%mdl 512] Threatens to win with ...fxg2+.} 36. d4 (36. gxf3 Qh2#) 36... Bxd4 37. Nxd4 fxg2+ ({Weaker is} 37... cxd4 38. Rxf3 Rxf3 39. Qxf3 $17) 38. Qxg2 {And now Nf5 would win.} cxd4 39. Rd3 $2 {[#]} (39. Qxf2 {only move.} Rfxf2 40. Rc1) 39... Re2 (39... Qh4 $142 $1 {[%mdl 512]} 40. Qxa2 Qxe4+ {[%mdl 64] Double Attack} 41. Kh2 Qxd3) 40. Rxd4 $2 (40. Qxf2 Rfxf2 41. Rc1) 40... Qe3 41. Qg4 Rf3 42. Qd7+ {[#]} Kg8 {Played: Kh7-g6} 0-1